THE MIDDLE EAST AND NORTH AFRICA 2007 / (Record no. 9395)
[ view plain ]
| 000 -الفاتح | |
|---|---|
| حقل البيانات ثابتة الطول | 00751nam a2200289Ia 4500 |
| 008 - عناصر البيانات ثابتة الطول - معلومات عامة | |
| حقل البيانات ثابتة الطول | 140319s9999 xx 000 0 eng d |
| 020 ## - الرقم الدولى المعيارى للكتب | |
| الرقم الدولى المعيارى للكتاب | 9781857433 |
| 040 ## - مصدر الفهرسة | |
| وكالة الفهرسة الأصلية | GCL / |
| وكالة النسخ | GCL |
| 082 04 - رقم تصنيف ديوى العشرى | |
| رقم التصنيف | REF |
| رقم المادة | 956 |
| -- | D M |
| 100 1# - المدخل الرئيسى - إسم شخصى | |
| الإسم الشخصى | DEAN, LUCY |
| 245 10 - بيان العنوان | |
| العنوان | THE MIDDLE EAST AND NORTH AFRICA 2007 / |
| بيان المسئوليه,etc | DEAN, LUCY |
| 250 ## - بيان الطبعة | |
| بيان الطبعة | 53 |
| 260 ## - PUBLICATION, DISTRIBUTION, ETC. (IMPRINT) | |
| تاريخ النشر أو التوزيع | 2007 |
| 300 ## - الوصف المادى | |
| التعداد | 28 CM ؛ |
| أبعاد الوعاء | 1402 P |
| 650 04 - المدخل الاضافى بالموضوع-مصطلح موضوعى | |
| مصطلح موضوعي | EGYPT |
| 650 04 - المدخل الاضافى بالموضوع-مصطلح موضوعى | |
| مصطلح موضوعي | ISRAEL |
| 650 04 - المدخل الاضافى بالموضوع-مصطلح موضوعى | |
| مصطلح موضوعي | MIDDLE EAST |
| 650 04 - المدخل الاضافى بالموضوع-مصطلح موضوعى | |
| مصطلح موضوعي | LIBYA |
| 650 04 - المدخل الاضافى بالموضوع-مصطلح موضوعى | |
| مصطلح موضوعي | NORTH AFRICA |
| 650 04 - المدخل الاضافى بالموضوع-مصطلح موضوعى | |
| مصطلح موضوعي | IRAN |
| 650 04 - المدخل الاضافى بالموضوع-مصطلح موضوعى | |
| مصطلح موضوعي | MIDDLE EAST - HISTORY |
| 650 04 - المدخل الاضافى بالموضوع-مصطلح موضوعى | |
| مصطلح موضوعي | MIDDLE EAST - PERIODICALS |
| 650 04 - المدخل الاضافى بالموضوع-مصطلح موضوعى | |
| مصطلح موضوعي | NORTH AFRICA - HISTORY |
| 650 04 - المدخل الاضافى بالموضوع-مصطلح موضوعى | |
| مصطلح موضوعي | NORTH AFRICA - ECONOMIC CONDITIONS |
| 942 ## - عناصر المدخل الإضافي( كوها) | |
| مصدر التصنيف او مخطط الترفيف | Dewey Decimal Classification |
| Koha [default] item type | المراجع |
| 260 ## - PUBLICATION, DISTRIBUTION, ETC. (IMPRINT) | |
| -- | انجلترا : |
| -- | ROUTLEDGE ، |
| حالة التراجع | حالة الفقد | حالة تلف | ليس للاعارة | المكان المؤقت | الموقع الحالى | تاريخ الاكتساب | اجمالي اﻻعارات | رقم الطلب | الباركود | تاريخ اخر مشاهدة | تاريخ تفعيل السعر | نوع وعاء كوها |
|---|---|---|---|---|---|---|---|---|---|---|---|---|
| مكتبة القاهرة الكبرى | مكتبة القاهرة الكبرى | 03/26/2014 | REF\956\D M | 19619 | 03/26/2014 | 03/26/2014 | المراجع | |||||
| مكتبة القاهرة الكبرى | مكتبة القاهرة الكبرى | 03/26/2014 | REF\956\D M | 19620 | 03/26/2014 | 03/26/2014 | المراجع |

